<?xml version="1.0" encoding="UTF-8"?>
<marc:record xmlns:marc="http://www.loc.gov/MARC21/slim">
   <marc:leader>00000nam a2200000 a 4500</marc:leader>
   <marc:datafield ind1="1" ind2=" " tag="100">
      <marc:subfield code="a">Walcher, Maria</marc:subfield>
      <marc:subfield code="4">aut</marc:subfield>
      <marc:subfield code="e">Verfasser/-in</marc:subfield>
   </marc:datafield>
   <marc:datafield ind1=" " ind2=" " tag="653">
      <marc:subfield code="a">Österreich</marc:subfield>
   </marc:datafield>
   <marc:datafield ind1=" " ind2=" " tag="653">
      <marc:subfield code="a">Brauchtum</marc:subfield>
   </marc:datafield>
   <marc:datafield ind1=" " ind2=" " tag="653">
      <marc:subfield code="a">Kultur</marc:subfield>
   </marc:datafield>
   <marc:datafield ind1=" " ind2=" " tag="653">
      <marc:subfield code="a">Tradition</marc:subfield>
   </marc:datafield>
   <marc:datafield ind1=" " ind2=" " tag="653">
      <marc:subfield code="a">Kulturerbe</marc:subfield>
   </marc:datafield>
   <marc:datafield ind1="0" ind2="0" tag="245">
      <marc:subfield code="a">Ein Erbe für Alle</marc:subfield>
   </marc:datafield>
   <marc:datafield ind1="0" ind2="0" tag="245">
      <marc:subfield code="b">103 Traditionen aus Österreich</marc:subfield>
   </marc:datafield>
   <marc:datafield ind1=" " ind2="1" tag="264">
      <marc:subfield code="b">Folio</marc:subfield>
      <marc:subfield code="c">2018</marc:subfield>
   </marc:datafield>
   <marc:datafield ind1="1" ind2=" " tag="520">
      <marc:subfield code="a">Dieses äußerst ansprechend illustrierte Buch stellt den ganzen Reichtum von Österreichs kulturellem Erbe vor: Warum ist der Walzer ein Wiener? Was ist das Geheimnis des Blaudruckers? Wo wird das älteste Erntedankfest gefeiert? Wie züchtet man Lipizzaner? Wie erlernt man das Spiel mit Marionetten? Warum kann es ein Glück sein, Pech zu haben? Wie viele Masken braucht die Imster Fasnacht? Schießen die Altausseer Taubenschützen scharf? Welche Ernterechte verlost Galtür? In Österreich werden mit großer Selbstverständlichkeit Traditionen weitergegeben – von Hand zu Hand, von Herz zu Herz. Und sie behaupten auch heute noch eine unglaubliche Vielfalt und Lebendigkeit.</marc:subfield>
   </marc:datafield>
   <marc:datafield ind1=" " ind2=" " tag="020">
      <marc:subfield code="a">9783852567679</marc:subfield>
      <marc:subfield code="9">9783852567679</marc:subfield>
   </marc:datafield>
</marc:record>
